[Event "SV Horst-Emscher 1 - SV Mülheim-Nord 3"]
[Site "Regionalliga 2018/2019"]
[Date "2019.02.10"]
[Round "7.6"]
[White "Doenges, Dirk"]
[Black "Grodotzki, Kenneth"]
[Result "0-1"]
[WhiteElo "1759"]
[BlackElo "1972"]
[PlyCount "118"]
[EventDate "2019.??.??"]

1. e4 e6 2. d4 d5 3. exd5 exd5 4. Nf3 Bg4 5. Be2 Nc6 6. h3 Bh5 7. c3 Qd7 8. Be3
O-O-O 9. Nbd2 f6 10. b4 g5 11. Qa4 Kb8 12. Nb3 Bxf3 13. Bxf3 Nxd4 14. b5 Nc2+
15. Kd2 Nxe3 16. fxe3 Re8 17. Nd4 Bc5 18. Bg4 Qf7 19. Rab1 Bb6 20. Rb3 Ne7 21.
Bd7 Rd8 22. Be6 Qg6 23. Rhb1 Qe4 24. Re1 Rd6 25. Bg4 f5 26. Bf3 Qe5 27. Qb4 Re8
28. a4 Nc8 29. a5 Bxd4 30. cxd4 Qe6 31. Qc5 g4 32. hxg4 fxg4 33. Bd1 Rd7 34.
Bc2 Nd6 35. b6 Nc4+ 36. Kc1 cxb6 37. axb6 a6 38. Kd1 Rc8 39. Qb4 Rf7 40. e4
dxe4 41. Bxe4 Qd7 42. d5 Rf4 43. Rd3 Nd6 44. Bf5 Rxf5 45. Re6 Nb5 46. Re7 Qd6
47. Qe4 Rxd5 48. Ke1 Rc1+ 49. Kf2 Qxb6+ 50. Re3 Qc6 51. Rxh7 Rd2+ 52. Kg3 Qxe4
53. Rxe4 Rc3+ 54. Kxg4 Rxg2+ 55. Kf4 Rf2+ 56. Kg4 Rc7 57. Rh8+ Ka7 58. Kg3 Rf1
59. Kg2 Rf6 0-1

[Event "SV Horst-Emscher 1 - SV Mülheim-Nord 3"]
[Site "Regionalliga 2018/2019"]
[Date "2019.02.10"]
[Round "7.7"]
[White "Brockhaus, Bernd"]
[Black "Tobczewski, Peter"]
[Result "1/2-1/2"]
[WhiteElo "1952"]
[BlackElo "1919"]
[PlyCount "113"]
[EventDate "2019.??.??"]

1. c4 c5 2. b3 Nf6 3. Bb2 e6 4. Nf3 d5 5. e3 Nc6 6. d4 cxd4 7. exd4 b6 8. Nbd2
Be7 9. Rc1 Bd7 10. Bd3 Rc8 11. Ne5 O-O 12. O-O Be8 13. Ndf3 dxc4 14. bxc4 Nd7
15. Nxc6 Rxc6 16. Qe2 h6 17. Rfe1 g6 18. d5 Rd6 19. Ne5 Nc5 20. Ng4 Bg5 21. f4
h5 22. fxg5 hxg4 23. Bf6 Qc8 24. Qxg4 Nd7 25. Be7 Qc7 26. Bxd6 Qxd6 27. Be4 Nc5
28. Rcd1 Bd7 29. dxe6 Qxe6 30. Qxe6 Bxe6 31. Bd5 Re8 32. Bxe6 fxe6 33. Re5 Rc8
34. Rd4 Kf7 35. g3 Ke7 36. Kg2 Nd7 37. Ree4 Nc5 38. Rh4 e5 39. Rd5 Ke6 40. Rh7
Ne4 41. h4 Rxc4 42. Rdd7 Kf5 43. Rd5 Rc2+ 44. Kf3 Rc3+ 45. Ke2 Nxg3+ 46. Kd1
Ra3 47. Re7 Kg4 48. Rexe5 Kxh4 49. Rd2 Nf5 50. Rxf5 gxf5 51. Rg2 Rd3+ 52. Ke2
Rd7 53. Kf3 Kh5 54. g6 Kh6 55. Kf4 Kg7 56. Kxf5 Rc7 57. Ke5 1/2-1/2

[Event "SV Horst-Emscher 1 - SV Mülheim-Nord 3"]
[Site "Regionalliga 2018/2019"]
[Date "2019.02.10"]
[Round "7.8"]
[White "Verfuerth, Christian"]
[Black "Roitburd, Talik"]
[Result "0-1"]
[WhiteElo "1836"]
[BlackElo "2000"]
[PlyCount "74"]
[EventDate "2019.??.??"]

1. d4 Nf6 2. Nf3 d6 3. Nc3 g6 4. e4 Bg7 5. Be3 O-O 6. Qd2 Nbd7 7. Bh6 a6 8.
O-O-O b5 9. Bxg7 Kxg7 10. Bd3 c5 11. dxc5 Nxc5 12. e5 dxe5 13. Nxe5 Be6 14. a3
Rc8 15. Kb1 Qb6 16. Rhe1 b4 17. axb4 Qxb4 18. Ne4 Qa4 19. Nc3 Qa5 20. Nc4 Qb4
21. Na2 Qb7 22. b3 Nxb3 23. cxb3 Qxb3+ 24. Qb2 Bxc4 25. Qxb3 Bxb3 26. Rc1 Rb8
27. Rxe7 Be6+ 28. Ka1 Rfd8 29. Bxa6 Rd2 30. Bc4 Bxc4 31. Rxc4 Ra8 32. Rcc7
Raxa2+ 33. Kb1 Rdb2+ 34. Kc1 Rxf2 35. Rxf7+ Kh6 36. Kb1 Rae2 37. h4 Kh5 0-1

[Event "SK Sodingen/Castrop 2 - SV Bochum-Linde"]
[Site "Verbandsliga - Gruppe 1 2018/"]
[Date "2019.03.10"]
[Round "7.1"]
[White "Hahn, Matthias"]
[Black "Ribbeheger, Edgar"]
[Result "1-0"]
[WhiteElo "2052"]
[BlackElo "2005"]
[PlyCount "109"]
[EventDate "2019.??.??"]

1. d4 Nf6 2. Nf3 e6 3. c4 c5 4. g3 b5 5. cxb5 Bb7 6. Bg2 Qa5+ 7. Bd2 Qxb5 8.
Nc3 Qa6 9. dxc5 Bxc5 10. O-O O-O 11. a3 d5 12. b4 Be7 13. Qb3 Nbd7 14. Rfe1 h6
15. Nd4 Rfc8 16. Na4 Qc4 17. Qxc4 Rxc4 18. e3 Ne4 19. Red1 Nxd2 20. Rxd2 a5 21.
Nb2 Rcc8 22. b5 Rc3 23. Rd3 Rac8 24. Nc6 R3xc6 25. bxc6 Rxc6 26. Rb3 Nc5 27.
Rb5 Ba6 28. Rb8+ Kh7 29. Rc1 Bd6 30. Ra8 Rb6 31. Rc2 a4 32. Bf1 Bxf1 33. Kxf1
Rb3 34. Nxa4 Rxa3 35. Nb6 Rb3 36. Nc8 Rb1+ 37. Kg2 Bf8 38. Na7 Bd6 39. Nc8 Nd3
40. Rca2 Bc5 41. Ra1 Rb2 42. R8a2 Rb7 43. Na7 d4 44. e4 Nb4 45. Ra5 Nc2 46. Rc1
Bb4 47. Rb5 Rxa7 48. Rxc2 d3 49. Rc1 d2 50. Rd1 Bc3 51. Kf3 Ra3 52. Ke2 e5 53.
Rd5 g5 54. Rd3 g4 55. R1xd2 1-0

[Event "SK Sodingen/Castrop 2 - SV Bochum-Linde"]
[Site "Verbandsliga - Gruppe 1 2018/"]
[Date "2019.03.10"]
[Round "7.2"]
[White "Haberhausen, Ansgar"]
[Black "Schreck, Roland"]
[Result "0-1"]
[WhiteElo "2002"]
[BlackElo "2123"]
[PlyCount "78"]
[EventDate "2019.??.??"]

1. d4 Nf6 2. Nf3 g6 3. c4 Bg7 4. Nc3 O-O 5. Bg5 d6 6. e3 Nbd7 7. Be2 b6 8. O-O
Bb7 9. Qc2 c5 10. Rfd1 cxd4 11. Nxd4 Rc8 12. b3 a6 13. Rac1 b5 14. Bxf6 Nxf6
15. cxb5 Ne4 16. Qd3 Nxc3 17. Rxc3 Rxc3 18. Qxc3 axb5 19. Bxb5 Qa8 20. f3 Rc8
21. Qd2 Qa3 22. Bc4 d5 23. Bf1 e5 24. Nb5 Qc5 25. b4 Qb6 26. Re1 Bh6 27. Qd3
Rc1 28. Kf2 Rc4 29. a4 Rxb4 30. Qa3 Bf8 31. a5 Qf6 32. Qc3 d4 33. exd4 exd4 34.
Qa1 Bc5 35. Re8+ Kg7 36. Qc1 Qf5 37. Bd3 Qxd3 38. Qxc5 Rb2+ 39. Kg3 Rxg2+ 0-1

[Event "SK Sodingen/Castrop 2 - SV Bochum-Linde"]
[Site "Verbandsliga - Gruppe 1 2018/"]
[Date "2019.03.10"]
[Round "7.3"]
[White "Boehm, Ingo"]
[Black "Foerster, Wolfgang"]
[Result "1-0"]
[WhiteElo "2035"]
[BlackElo "1953"]
[PlyCount "143"]
[EventDate "2019.??.??"]

1. e4 c5 2. Nf3 e6 3. d4 cxd4 4. Nxd4 Bc5 5. Nc3 Qb6 6. Na4 Qa5+ 7. c3 Bxd4 8.
Qxd4 Nf6 9. Nc5 Nc6 10. Qd6 b6 11. Nb3 Qe5 12. Qxe5 Nxe5 13. f3 d5 14. exd5
Nxd5 15. Bd2 O-O 16. Be2 Bb7 17. f4 Ng6 18. O-O Rad8 19. a4 Nf6 20. a5 Nh4 21.
axb6 axb6 22. g3 Nf5 23. g4 Ne4 24. Bc1 Nfd6 25. Be3 Bd5 26. Nd4 Ra8 27. Nb5
Nc4 28. Bd4 Nxb2 29. Bxb6 Rab8 30. Bd4 Nc4 31. Rfb1 Ra8 32. Nc7 Rxa1 33. Rxa1
Rc8 34. Nxd5 exd5 35. Ra7 f6 36. Rd7 Ncd6 37. g5 Rc6 38. Bg4 Kf8 39. Be6 Nxc3
40. Bxc3 Rxc3 41. gxf6 gxf6 42. Rxd6 Ke7 43. Ra6 d4 44. f5 h5 45. Ra5 Rd3 46.
Rd5 h4 47. Kg2 Kf8 48. Rd7 h3+ 49. Kf2 Ke8 50. Rh7 Re3 51. Rh4 Rd3 52. Ke1 Ke7
53. Bc4 Rf3 54. Rh5 Kd6 55. Bf1 Ke5 56. Bxh3 Ra3 57. Bg4 Kf4 58. Bd1 Ra2 59.
Be2 Ra1+ 60. Kd2 Ke4 61. Bd3+ Kf4 62. Rh4+ Ke5 63. Re4+ Kd5 64. Re6 Ra2+ 65.
Bc2 Ra3 66. Be4+ Kc5 67. Rc6+ Kb5 68. Rxf6 Rh3 69. Rd6 Kc5 70. Rc6+ Kb5 71. Rc1
Re3 72. Bd3+ 1-0

[Event "SK Sodingen/Castrop 2 - SV Bochum-Linde"]
[Site "Verbandsliga - Gruppe 1 2018/"]
[Date "2019.03.10"]
[Round "7.5"]
[White "Hochstein, Udo"]
[Black "Hessel, Malte"]
[Result "1/2-1/2"]
[WhiteElo "1893"]
[BlackElo "1924"]
[PlyCount "93"]
[EventDate "2019.??.??"]

1. d4 Nf6 2. c4 e6 3. Nc3 Bb4 4. f3 O-O 5. a3 Bxc3+ 6. bxc3 d6 7. e4 Nbd7 8.
Bd3 e5 9. Ne2 h6 10. Be3 Re8 11. Qd2 Nf8 12. O-O b6 13. Ng3 c5 14. Rad1 Qc7 15.
h3 N6h7 16. Qf2 g5 17. Nf5 Bxf5 18. exf5 f6 19. h4 Nd7 20. Be4 Rad8 21. Bd5+
Kg7 22. Rfe1 Ndf8 23. Qg3 Qd7 24. Qg4 exd4 25. cxd4 cxd4 26. Bxd4 Rxe1+ 27.
Rxe1 Re8 28. Rxe8 Qxe8 29. hxg5 Qe1+ 30. Kh2 hxg5 31. Qh5 Qe7 32. f4 gxf4 33.
Qg4+ Kh6 34. Qxf4+ Kg7 35. Qg4+ Kh6 36. Qh4+ Kg7 37. Qh5 Kh8 38. Bf2 b5 39. Bg3
bxc4 40. Bxc4 Qc7 41. Bd5 Kg7 42. Bf4 Qe7 43. Qh6+ Kh8 44. Qh3 Nd7 45. Qg3 Ng5
46. Bxg5 fxg5 47. Be6 1/2-1/2

[Event "SK Sodingen/Castrop 2 - SV Bochum-Linde"]
[Site "Verbandsliga - Gruppe 1 2018/"]
[Date "2019.03.10"]
[Round "7.6"]
[White "Kock, Wolfgang"]
[Black "Artz, Klaus"]
[Result "1-0"]
[WhiteElo "1970"]
[BlackElo "1854"]
[PlyCount "145"]
[EventDate "2019.??.??"]

1. c4 c5 2. Nf3 Nf6 3. Nc3 d5 4. cxd5 Nxd5 5. g3 Nc6 6. Bg2 Nxc3 7. bxc3 e5 8.
O-O Be7 9. d3 O-O 10. Rb1 Rb8 11. a4 Bf5 12. Nd2 Na5 13. Bb2 Qc7 14. Rc1 Be6
15. c4 Rbd8 16. Qc2 f6 17. Rb1 b6 18. Bc3 Nc6 19. a5 Nd4 20. Bxd4 Rxd4 21. axb6
axb6 22. Rb2 Bd8 23. Ra1 Rd7 24. Ne4 h6 25. Nc3 Qd6 26. Ra6 f5 27. Nb5 Qe7 28.
Bc6 Rb7 29. Bxb7 Qxb7 30. Ra7 Qc6 31. f3 Bd7 32. Nc3 e4 33. dxe4 Bf6 34. e5
Bxe5 35. Qd3 Be6 36. Rd2 Bd4+ 37. Kg2 f4 38. Nb5 Be5 39. g4 Kh8 40. h3 Qc8 41.
Qe4 Bb8 42. Nd6 Bxd6 43. Rxd6 Qb8 44. Qb7 Qxb7 45. Rxb7 Bxc4 46. Rdxb6 Bxe2 47.
Kf2 Bd3 48. Rb8 Kg8 49. Ke1 Rxb8 50. Rxb8+ Kf7 51. h4 g6 52. Kd2 Bf1 53. Rc8 c4
54. Rc6 Kg7 55. g5 hxg5 56. hxg5 Kf7 57. Rf6+ Kg7 58. Rxf4 Bd3 59. Rf6 Bf1 60.
Kc3 Bd3 61. Kd4 Be2 62. f4 Bf1 63. Rc6 Kf7 64. Ke5 Bd3 65. Rc7+ Ke8 66. f5 Bxf5
67. Rxc4 Ke7 68. Rc7+ Kf8 69. Kf6 Kg8 70. Rb7 Be4 71. Rb8+ Kh7 72. Rb4 Bf5 73.
Kf7 1-0

[Event "SK Sodingen/Castrop 2 - SV Bochum-Linde"]
[Site "Verbandsliga - Gruppe 1 2018/"]
[Date "2019.03.10"]
[Round "7.7"]
[White "Pappert, Thomas"]
[Black "Zwielich, Frank"]
[Result "1/2-1/2"]
[WhiteElo "1766"]
[BlackElo "1920"]
[PlyCount "26"]
[EventDate "2019.??.??"]

1. c4 e5 2. Nc3 d6 3. e4 f5 4. d3 g6 5. g3 Bg7 6. Bg2 Ne7 7. Nge2 O-O 8. O-O
Nbc6 9. Be3 Be6 10. Rb1 a5 11. Qd2 Qd7 12. f4 fxe4 13. Nxe4 Bh3 1/2-1/2

[Event "SK Sodingen/Castrop 2 - SV Bochum-Linde"]
[Site "Verbandsliga - Gruppe 1 2018/"]
[Date "2019.03.10"]
[Round "7.8"]
[White "Balke, Reiner"]
[Black "Kandyba, Andriy"]
[Result "1-0"]
[WhiteElo "1883"]
[BlackElo "1962"]
[PlyCount "77"]
[EventDate "2019.??.??"]

1. e4 e6 2. d3 d5 3. Nd2 Nf6 4. Ngf3 c5 5. g3 Nc6 6. Bg2 Be7 7. O-O O-O 8. Re1
Re8 9. c3 Bf8 10. e5 Nd7 11. d4 f6 12. exf6 Qxf6 13. Nf1 h6 14. Ne3 cxd4 15.
cxd4 Bd6 16. Nxd5 Qf7 17. Bf4 Bxf4 18. Nxf4 Nb6 19. Qb3 Bd7 20. Nd3 Rad8 21.
Nde5 Qf6 22. a4 Bc8 23. a5 Nd5 24. a6 Ncb4 25. axb7 Bxb7 26. Rxa7 Re7 27. Nd2
Rf8 28. f3 Rc7 29. Ne4 Qd8 30. Nc5 Qb8 31. Raa1 Bc8 32. Rad1 Qb6 33. f4 Rxc5
34. dxc5 Qxc5+ 35. Kh1 Qc2 36. Qxc2 Nxc2 37. Re2 Nce3 38. Rc1 Bb7 39. Rxe3 1-0

[Event "SK Holsterhausen 1-Königsspringer Hamm1"]
[Site "?"]
[Date "2019.03.10"]
[Round "7.4"]
[White "Kortenbusch, Christoph"]
[Black "Prüß, Wilfried"]
[Result "1/2-1/2"]
[WhiteElo "2089"]
[BlackElo "2052"]
[PlyCount "28"]
[EventDate "2019.??.??"]

1. e4 c5 2. b3 Nc6 3. Bb2 d6 4. Bb5 Bd7 5. d3 Nf6 6. Nd2 e6 7. Nc4 a6 8. Bxc6
Bxc6 9. Nf3 b5 10. Ncd2 Be7 11. O-O O-O 12. Re1 Rc8 13. e5 dxe5 14. Nxe5 Bb7
1/2-1/2

[Event "SV Rot-Weiß-Altenessen 1 - SF Brackel 2"]
[Site "Verbandsliga - Gruppe 1 2018/"]
[Date "2019.03.10"]
[Round "7.1"]
[White "Bree, Thomas"]
[Black "Praß, Marian"]
[Result "1-0"]
[WhiteElo "2068"]
[BlackElo "1986"]
[PlyCount "101"]
[EventDate "2019.??.??"]

1. d4 Nf6 2. c4 e6 3. g3 d5 4. Bg2 Be7 5. Nc3 O-O 6. Nf3 b6 7. O-O Bb7 8. Ne5
Nbd7 9. cxd5 Nxe5 10. dxe5 Nxd5 11. Ne4 a5 12. a3 Ra7 13. Qc2 a4 14. Rd1 Qa8
15. Bg5 Re8 16. Bxe7 Nxe7 17. Ng5 Ng6 18. Bxb7 Rxb7 19. Rd7 c5 20. Rxb7 Qxb7
21. Qxa4 Ra8 22. Qc2 Qd5 23. f4 Qd4+ 24. Kg2 Rd8 25. Nf3 Qd7 26. Kf2 h6 27. Ke1
Qa7 28. Rd1 Rb8 29. Rd6 Ne7 30. Qd3 Nf5 31. Rd7 Qa5+ 32. Kf2 b5 33. g4 Nd4 34.
Nxd4 cxd4 35. Rxd4 b4 36. axb4 Qa8 37. b5 g6 38. b6 Kg7 39. Rd6 Qh1 40. Qg3 Qb1
41. Qc3 Ra8 42. b7 Ra1 43. Ke3 Qg1+ 44. Kd3 Qd1+ 45. Kc4 Qa4+ 46. Kc5 Qa7+ 47.
Kc6 Qb8 48. Qc4 Ra7 49. Rd7 Qe8 50. Kb6 Qxd7 51. Kxa7 1-0

[Event "SV Rot-Weiß-Altenessen 1 - SF Brackel 2"]
[Site "Verbandsliga - Gruppe 1 2018/"]
[Date "2019.03.10"]
[Round "7.2"]
[White "Kordonowski, Frank"]
[Black "Althoff, Ralph"]
[Result "0-1"]
[WhiteElo "2002"]
[BlackElo "1992"]
[PlyCount "126"]
[EventDate "2019.??.??"]

1. e4 c5 2. b3 g6 3. Bb2 Nf6 4. e5 Nd5 5. e6 f6 6. exd7+ Qxd7 7. g3 Nc6 8. Bg2
e5 9. a3 Bg7 10. Ne2 b6 11. O-O O-O 12. Nbc3 Nc7 13. f4 Bb7 14. d3 Ne6 15. Nd5
Ne7 16. Nxe7+ Qxe7 17. fxe5 fxe5 18. Nc3 Bxg2 19. Kxg2 Rxf1 20. Qxf1 Rf8 21.
Qd1 e4 22. dxe4 Bd4 23. Nd5 Nf4+ 24. gxf4 Qxe4+ 25. Qf3 Qxc2+ 26. Kg3 Qxb2 27.
Re1 Rf7 28. a4 Kg7 29. Re8 Qa1 30. Qe4 Qg1+ 31. Qg2 Qd1 32. Qf3 Qg1+ 33. Qg2
Qb1 34. Qf3 h5 35. Ne3 Qe1+ 36. Kh3 Qb1 37. Ng2 Qf5+ 38. Kg3 Qd7 39. Qe2 Bf6
40. Qe6 Qd3+ 41. Ne3 Qd4 42. Kf3 Qd2 43. Nd5 Qd1+ 44. Ke4 Qc2+ 45. Kf3 Qxb3+
46. Ke2 Qc2+ 47. Kf3 Qd1+ 48. Kg2 Qd2+ 49. Kf3 Qd3+ 50. Kg2 Bd4 51. Qe2 Qxe2+
52. Rxe2 Rd7 53. Re7+ Rxe7 54. Nxe7 a6 55. Kf3 b5 56. axb5 axb5 57. Ke4 Kf7 58.
Nc6 b4 59. Na5 Ke6 60. Nb3 Bg1 61. h3 c4 62. Nd2 c3 63. Nb3 Bb6 0-1

[Event "SV Rot-Weiß-Altenessen 1 - SF Brackel 2"]
[Site "Verbandsliga - Gruppe 1 2018/"]
[Date "2019.03.10"]
[Round "7.3"]
[White "Al Tarboush, Hussam"]
[Black "Birdaini, Becir"]
[Result "1-0"]
[WhiteElo "2014"]
[BlackElo "2043"]
[Annotator "Daniel"]
[PlyCount "54"]
[EventDate "2019.??.??"]

1. e4 c6 2. d4 d5 3. e5 Bf5 4. Bd3 Bxd3 5. Qxd3 e6 6. Nf3 h6 7. Nbd2 Nd7 8. b3
Ne7 9. c4 Ng6 10. O-O dxc4 11. bxc4 Ndxe5 12. Nxe5 Nxe5 13. Qe4 Nd7 14. Nf3 Nf6
15. Qh4 Bd6 16. Rb1 Rb8 17. Re1 O-O 18. Rb3 b5 19. c5 Bc7 20. Bxh6 Nh7 21. Bg5
f6 22. Bc1 Qd5 23. Qg4 f5 24. Qh5 f4 25. Qg4 Rbd8 26. Bb2 a5 27. Ne5 Rf5 {
Rest nicht nachvollziehbar!} 1-0

[Event "SV Rot-Weiß-Altenessen 1 - SF Brackel 2"]
[Site "Verbandsliga - Gruppe 1 2018/"]
[Date "2019.03.10"]
[Round "7.4"]
[White "Cavasin, Joerg"]
[Black "Bense, Dirk"]
[Result "0-1"]
[WhiteElo "1923"]
[BlackElo "1938"]
[PlyCount "146"]
[EventDate "2019.??.??"]

1. c4 Nf6 2. Nf3 g6 3. g3 Bg7 4. Bg2 O-O 5. Nc3 d6 6. O-O Nbd7 7. d4 c6 8. Bf4
Qa5 9. Qd2 Re8 10. Rac1 e5 11. Bg5 Ng4 12. h3 exd4 13. Nxd4 Nge5 14. b3 Nxc4
15. bxc4 Bxd4 16. Qxd4 Qxg5 17. Qxd6 Qc5 18. Qf4 Qe5 19. Rfd1 Qxf4 20. gxf4 Nc5
21. e3 Be6 22. Rd4 Kf8 23. Rcd1 Ke7 24. f3 Red8 25. Kf2 Rab8 26. Bf1 a5 27. e4
Rd7 28. Ke3 Rbd8 29. Rxd7+ Rxd7 30. Rxd7+ Bxd7 31. h4 f5 32. Kd4 Ne6+ 33. Ke5
Nd8 34. Na4 Nf7+ 35. Kd4 Kd6 36. e5+ Ke7 37. c5 Be6 38. Nc3 Nd8 39. Be2 Bf7 40.
Bc4 Bxc4 41. Kxc4 Ne6 42. Ne2 Kd7 43. a3 Kc7 44. a4 Kd7 45. Nc1 Nxf4 46. Nb3
Ne6 47. Nxa5 Kc7 48. Nb3 g5 49. hxg5 Nxg5 50. Nd4 f4 51. a5 h5 52. e6 h4 53. e7
Kd7 54. Nxc6 h3 55. Ne5+ Kxe7 56. c6 bxc6 57. a6 h2 58. a7 h1=Q 59. Nxc6+ Kd6
60. a8=Q Qc1+ 61. Kb5 Ne6 62. Qb8+ Nc7+ 63. Kb4 Qc5+ 64. Kb3 Kxc6 65. Qh8 Ne6
66. Qc8+ Kd6 67. Qb8+ Qc7 68. Qb4+ Ke5 69. Qe1+ Kf6 70. Qh4+ Kf5 71. Qh5+ Ng5
72. Qg4+ Kg6 73. Kb4 Qb7+ 0-1

[Event "SV Rot-Weiß-Altenessen 1 - SF Brackel 2"]
[Site "Verbandsliga - Gruppe 1 2018/"]
[Date "2019.03.10"]
[Round "7.5"]
[White "Schwiddessen, Jan"]
[Black "Rohloff, Markus"]
[Result "1/2-1/2"]
[WhiteElo "1862"]
[BlackElo "1892"]
[PlyCount "129"]
[EventDate "2019.??.??"]

1. e4 e6 2. d4 d5 3. Nd2 c5 4. exd5 exd5 5. Ndf3 Nc6 6. Be3 Qb6 7. Qe2 Be6 8.
O-O-O c4 9. Ng5 Nf6 10. Nxe6 fxe6 11. Bf4 Nxd4 12. Rxd4 Qxd4 13. Qxe6+ Be7 14.
Be3 Qe4 15. Qh3 O-O 16. Be2 Rac8 17. Bf3 Qg6 18. Ne2 Ne4 19. Nf4 Qc6 20. Bg4
Rxf4 21. Bxc8 Rf6 22. Bd4 Rh6 23. Qd7 Bg5+ 24. Kd1 Qxd7 25. Bxd7 Rd6 26. Bc8
Bf6 27. Bxa7 Bxb2 28. Re1 Ra6 29. Be3 Rxa2 30. Bxb7 Ra1+ 31. Ke2 Rxe1+ 32. Kxe1
Nf6 33. Bc5 Kf7 34. f3 Ke6 35. Kd2 d4 36. Ba6 Kd5 37. Bf8 g6 38. Bb4 Nd7 39. f4
Nc5 40. Bc8 Ne4+ 41. Ke2 Nc5 42. h3 d3+ 43. cxd3 Nxd3 44. Bb7+ Kd4 45. Bd6 c3
46. Kd1 Ke3 47. Bc6 Ne1 48. Bc5+ Kxf4 49. Bd6+ Kf5 50. g4+ Ke6 51. Kxe1 Kxd6
52. Ba4 Ke5 53. Bc2 Kf4 54. Kf2 Bc1 55. Bd1 Be3+ 56. Ke2 Bd2 57. Kf2 Be3+ 58.
Ke2 Bd4 59. Kd3 Bf6 60. h4 h6 61. h5 g5 62. Kc2 Ke3 63. Kc1 Be5 64. Bc2 Bf4 65.
Bf5 1/2-1/2

[Event "SV Rot-Weiß-Altenessen 1 - SF Brackel 2"]
[Site "Verbandsliga - Gruppe 1 2018/"]
[Date "2019.03.10"]
[Round "7.7"]
[White "Strathoff, Dirk"]
[Black "Metzner, Carsten"]
[Result "0-1"]
[WhiteElo "1868"]
[BlackElo "1831"]
[PlyCount "62"]
[EventDate "2019.??.??"]

1. c4 Nf6 2. Nc3 e6 3. d4 Bb4 4. Bd2 O-O 5. e3 c5 6. a3 cxd4 7. axb4 dxc3 8.
Bxc3 d5 9. c5 Qc7 10. Nf3 Nbd7 11. Rc1 Ne4 12. Qd4 Nxc3 13. Qxc3 a6 14. Bd3 e5
15. Bf5 d4 16. exd4 exd4 17. Qxd4 Re8+ 18. Kf1 Ne5 19. Re1 Bxf5 20. Rxe5 Be6
21. g3 Rad8 22. Qe3 Bh3+ 23. Ke2 Rxe5 24. Nxe5 Re8 25. f4 f6 26. Kf2 fxe5 27.
Re1 Qc6 28. Qb3+ Kf8 29. Rxe5 Qg2+ 30. Ke3 Rd8 31. Qc3 Bg4 0-1

[Event "SV Rot-Weiß-Altenessen 1 - SF Brackel 2"]
[Site "Verbandsliga - Gruppe 1 2018/"]
[Date "2019.03.10"]
[Round "7.8"]
[White "Drawe, Thomas"]
[Black "Buechle, Manfred"]
[Result "1-0"]
[WhiteElo "1830"]
[BlackElo "1766"]
[PlyCount "57"]
[EventDate "2019.??.??"]

1. c4 e6 2. g3 d5 3. Bg2 Nf6 4. Nf3 Be7 5. O-O O-O 6. b3 c5 7. Bb2 Nc6 8. e3 a6
9. d4 dxc4 10. bxc4 cxd4 11. exd4 Qc7 12. Nbd2 Rd8 13. Qc2 Rb8 14. Rfd1 b6 15.
a3 Bb7 16. Rac1 Na5 17. Ne5 Bxg2 18. Kxg2 Rbc8 19. Kg1 Nd7 20. Nd3 Bg5 21. f4
Bf6 22. Nb4 Nb8 23. d5 exd5 24. Bxf6 gxf6 25. Qf5 dxc4 26. Ne4 Rxd1+ 27. Rxd1
Kf8 28. Qxf6 Kg8 29. Nd5 1-0

[Event "SV Ahlen 1 - SV Bottrop 1"]
[Site "Verbandsliga - Gruppe 1 2018/"]
[Date "2019.03.10"]
[Round "7.1"]
[White "Stadtmann, Jens"]
[Black "Steinle, Carsten"]
[Result "1/2-1/2"]
[WhiteElo "2132"]
[BlackElo "2129"]
[PlyCount "109"]
[EventDate "2019.??.??"]

1. d4 Nf6 2. Nf3 d6 3. c4 Nbd7 4. e3 c6 5. Be2 e5 6. Nc3 e4 7. Nd2 d5 8. Rb1
Bd6 9. b4 O-O 10. Qb3 dxc4 11. Nxc4 Bc7 12. a4 Nb6 13. Nd2 Re8 14. a5 Nbd5 15.
h3 a6 16. Nc4 Nxc3 17. Qxc3 Nd5 18. Qc2 Re6 19. g3 f5 20. h4 Bd7 21. Bd2 Qe7
22. Qb3 Rf8 23. Nb2 Rh6 24. Rg1 Be6 25. Bc4 g5 26. hxg5 Qxg5 27. Nd1 Rh2 28.
Nc3 Rd8 29. Rc1 Qh5 30. Nxd5 Bxd5 31. Bxd5+ Rxd5 32. Qd1 Qh3 33. Qe2 Bd6 34.
Kd1 Rb5 35. g4 Kf7 36. Kc2 Qf3 37. Qxf3 exf3 38. gxf5 Rxf2 39. Rgf1 Rg2 40. Kd3
Bxb4 41. Bxb4 Rxb4 42. Rxf3 Rg5 43. e4 Rb3+ 44. Rc3 Rb5 45. d5 Rxa5 46. dxc6
bxc6 47. Rxc6 Ra3+ 48. Rc3 Rxc3+ 49. Kxc3 h5 50. Kd4 h4 51. Ra3 Rh5 52. Rxa6 h3
53. Ra1 h2 54. Rh1 Kf6 55. Ke3 1/2-1/2

[Event "SV Ahlen 1 - SV Bottrop 1"]
[Site "Verbandsliga - Gruppe 1 2018/"]
[Date "2019.03.10"]
[Round "7.2"]
[White "Torres-Kuckel, Rafael"]
[Black "Mohrholz, Uwe"]
[Result "1-0"]
[WhiteElo "2126"]
[BlackElo "1977"]
[Annotator "Daniel"]
[PlyCount "103"]
[EventDate "2019.??.??"]

1. d4 Nf6 2. Nf3 e6 3. Bf4 d5 4. e3 Bd6 5. Bg3 O-O 6. Bd3 Nbd7 7. c4 Re8 8. Nc3
Qe7 9. Ne5 Nf8 10. f4 c5 11. O-O a6 12. Kh1 dxc4 13. Nxc4 b5 14. Nxd6 Qxd6 15.
Ne4 Nxe4 16. Bxe4 Ra7 17. dxc5 Qxc5 18. Qe2 Bb7 $11 19. Rac1 Qe7 20. Bb1 Bd5
21. b3 Rd7 22. Rfd1 Red8 23. Be1 Bb7 24. Ba5 Rxd1+ 25. Rxd1 Rxd1+ 26. Qxd1 Qc5
27. Qd2 Qd5 28. Qxd5 Bxd5 29. e4 Bc6 30. Kg1 Nd7 31. Kf2 e5 32. fxe5 Nxe5 33.
Bc7 f6 34. Ke3 Kf7 35. Kd4 Ke6 36. Bxe5 fxe5+ 37. Kc5 Kd7 38. Kb6 Kd6 39. b4 g5
40. Bd3 h5 41. g3 h4 42. Kxa6 hxg3 43. hxg3 Kc7 44. a3 g4 45. Bc2 Be8 46. Bd1
Bc6 47. Bxg4 Bxe4 48. Kxb5 Kd6 49. Kc4 Bd5+ 50. Kd3 Bc6 51. Bf5 Ke7 52. Kc4 1-0

[Event "SV Ahlen 1 - SV Bottrop 1"]
[Site "Verbandsliga - Gruppe 1 2018/"]
[Date "2019.03.10"]
[Round "7.3"]
[White "Nowak, Steven"]
[Black "Volesky, Alexander"]
[Result "1-0"]
[WhiteElo "1911"]
[BlackElo "2036"]
[Annotator "Daniel"]
[PlyCount "75"]
[EventDate "2019.??.??"]

1. Nf3 Nf6 2. g3 d6 3. Bg2 e5 4. d3 Be7 5. O-O O-O 6. c4 Re8 7. Nc3 c6 8. h3
Nbd7 9. e4 a6 10. a4 a5 11. d4 Qc7 12. Be3 Bf8 13. d5 Re7 14. Nh4 g6 15. Qd2
Ne8 16. Rad1 c5 17. f4 f6 18. f5 g5 19. Nf3 Rg7 $11 20. g4 Qd8 21. Ne2 Qb6 22.
Qc2 h6 23. Ng3 Qd8 24. Nh5 Rh7 25. Kf2 b6 26. Qd2 Ra7 27. Rh1 Nb8 28. h4 Ng7
29. hxg5 hxg5 30. Nxg5 fxg5 31. Bxg5 Be7 32. f6 Qf8 33. Bf3 Bxg4 34. Bxg4 Nxh5
35. Rxh5 Bxf6 36. Ke2 Rag7 37. Be6+ Kh8 38. Rdh1 1-0

[Event "SV Ahlen 1 - SV Bottrop 1"]
[Site "Verbandsliga - Gruppe 1 2018/"]
[Date "2019.03.10"]
[Round "7.4"]
[White "Volesky, Karl-Heinz"]
[Black "Masberg, Stefan"]
[Result "1/2-1/2"]
[WhiteElo "2029"]
[BlackElo "1933"]
[PlyCount "59"]
[EventDate "2019.??.??"]

1. e4 d6 2. d4 g6 3. Nc3 Bg7 4. Be2 Nf6 5. g4 c6 6. g5 Nfd7 7. a4 a5 8. Be3 Na6
9. Qd2 Nc7 10. f4 e6 11. h4 d5 12. Nf3 Qe7 13. e5 b6 14. Nh2 h5 15. Bf3 Ba6 16.
Ne2 Bf8 17. O-O Qd8 18. Rfc1 Nb8 19. b3 Bxe2 20. Bxe2 Nba6 21. c3 Be7 22. Qd1
Kf8 23. Nf1 Kg7 24. Ng3 Qg8 25. Kh2 Kf8 26. Ra2 Ke8 27. Kh3 Kd7 28. Bd3 Qd8 29.
Qf1 Qg8 30. Qe2 1/2-1/2

[Event "SV Ahlen 1 - SV Bottrop 1"]
[Site "Verbandsliga - Gruppe 1 2018/"]
[Date "2019.03.10"]
[Round "7.5"]
[White "Gierse, Heinz-Dieter"]
[Black "Woestmann, Ulrich"]
[Result "1-0"]
[WhiteElo "1945"]
[BlackElo "1967"]
[Annotator "Daniel"]
[PlyCount "67"]
[EventDate "2019.??.??"]

1. Nf3 Nf6 2. g3 g6 3. Bg2 d5 4. d3 Bg7 5. O-O O-O 6. Nbd2 c5 7. e4 e6 8. Re1
Nc6 9. Qe2 b6 10. Nf1 Bb7 11. e5 Nd7 12. Bf4 b5 13. h4 Nb6 14. N1h2 d4 15. Qd2
Ne7 16. g4 Ned5 17. Bh6 f6 18. exf6 Qxf6 19. Bg5 Qf7 20. Ne5 Qc7 21. Nhf3 Ne3
22. fxe3 Bxe5 23. Nxe5 Bxg2 24. Qxg2 Qxe5 25. exd4 Qxd4+ $11 26. Be3 Qd6 27.
Rf1 Rxf1+ 28. Rxf1 Rf8 29. Rxf8+ Qxf8 30. Qc6 Qc8 31. Qxc8+ Nxc8 32. Bxc5 e5
33. Kf2 Kf7 34. Ke3 1-0